000 00844nam a22002297a 4500
005 20240612165104.0
010 _aENG-140586
020 _a9789355323422
_c530.00
035 _aEN-124118
037 _bDBAD
082 _a000
_25
100 _aTripathi, Snehil
_967447
245 _aAn Introduction Madhya Pradesh:
_bGeneral Knowledge/
_cBy Snehil Tripathi; Sonali Bansal [and] Pavan Choudhary
250 _a5
260 _aChennai
_bMc Graw Hill Education
_c2022
270 _aAnjana Complex NO. 5/90 A, Butt Road, St. Thomas Mount
_bChennai
_e600116
300 _avp.
_c24cm(pbk)
_bindex
500 _a For MPPSC Examination (Prelims And Mains) and All Other State Competitive Examinations
700 _aBansal , Sonali
_eAuthor
_967426
700 _aChoudhary, Pavan
_eAuthor
_967427
942 _2ddc
_cEN
_h000
_mTRI
_e5
999 _c203564
_d203564